000 00241nam a2200109Ia 4500
008 190216s9999||||xx |||||||||||||| ||und||
100 _aSwaminathan L
245 0 _aLeactures On Costing
260 _bNull
_c1970
300 _a1096p
942 _cBK
999 _c4201
_d4201